000 00335nam a2200145Ia 4500
005 20251222152029.0
008 251222s9999||||xx |||||||||||||| ||spa||
020 _a8422694484
082 _a823.914/W58
100 _aWilson, James
245 0 _aLa Clave Oculta
250 _a1ra.ed.
264 _bCĂ­rculo de Lectores
942 _cLIB
999 _c25610
_d25610